000
00270nam a22001217a 4500
008
170424b xxu||||| |||| 00| 0 eng d
041
_a
eng
080
_a
547
100
_a
12
101
_a
SHM
245
_a
INDETIFICATION OF ORGANIC
_c
CHERONIS.N.D
942
_2
udc
_c
BK
999
_c
11817
_d
11817